Statistiques concernant Champions de ligue 2

Cliquez ici pour prendre le quiz!

Statistiques générales

  • Ce quiz a été pris 174 fois
  • Le résultat moyen est 21 sur 30

Statistiques - réponses

SaisonChampion% Correct
02-03Toulouse FC
88%
08-09RC Lens
87%
07-08Le Havre AC
86%
22-23Le Havre AC
86%
21-22Toulouse FC
86%
18-19FC Metz
82%
06-07FC Metz
82%
13-14FC Metz
82%
16-17Racing Club de Strasbourg Alsace
82%
99-00Lille OSC
77%
01-02AC Ajaccio
76%
20-21ESTAC Troyes
76%
14-15ESTAC Troyes
76%
93-94OGC Nice
76%
12-13AS Monaco
73%
19-20FC Lorient
72%
94-95Olympique de Marseille
72%
15-16AS Nancy-Lorraine
71%
97-98AS Nancy-Lorraine
71%
04-05AS Nancy-Lorraine
71%
11-12SC Bastia
71%
17-18Stade de Reims
68%
00-01FC Sochaux-Montbéliard
64%
09-10SM Caen
64%
95-96SM Caen
64%
10-11Évian Thonon Gaillard FC
51%
05-06Valenciennes FC
47%
98-99AS Saint-Étienne
36%
03-04AS Saint-Étienne
36%
96-97LB Châteauroux
17%

Distribution des résultats

Percentile par nombre de réponses

% des personnes avec chaque résultat

Votre développement - résultats

Vous n’avez pas pris ce quiz